000
00295nam a2200109Ia 4500
008
231129s2013||||xx |||||||||||||| ||spa||
082
_a
DVD000020 791.43658 D32p
245
0
_a
10 Grandes películas de piratas [película]
260
_c
2013
264
_a
Bogotá : Yoyo music
942
_2
ddc
_c
BKS
999
_c
4150
_d
4150